000 00627nam a2200229Ia 4500
005 20250923145504.0
008 008 250917s9999 xx 000 0 eng d
037 _aTextual
040 _aDSWL
_beng
_cDSWL
041 _aeng
_2eng
084 _aB28, N77;2
_qDSWL
100 _aElhance, D.N.
_9835841
245 0 _aPractical problems in statistics
_c by D.N. Elhance
250 _a17th
260 _aAllahabad
_bKitab Mahal
_c1977
300 _aviii,623p.
365 _aINR
_b22.5
700 _a P.P Elhance
_9835842
925 _g22.5
942 _cTEXL
_hB28, N77;2
999 _c1451974
_d1451974